|
|
|
|
| LEADER |
00731nam a2200217Ia 4500 |
| 001 |
CTU_148723 |
| 008 |
210402s9999 xx 000 0 und d |
| 020 |
|
|
|c 75000
|
| 082 |
|
|
|a 531.076
|
| 082 |
|
|
|b L250
|
| 100 |
|
|
|a Nguyễn, Nhật Lệ
|
| 245 |
|
0 |
|a Bài tập cơ học ứng dụng :
|
| 245 |
|
0 |
|b Có hướng dẫn, giải mẫu, trả lời
|
| 245 |
|
0 |
|c Nguyễn Nhật Lệ, Nguyễn Văn Vượng
|
| 260 |
|
|
|a Hà Nội
|
| 260 |
|
|
|b Khoa học và Kỹ thuật
|
| 260 |
|
|
|c 2009
|
| 650 |
|
|
|a Mechanics,Cơ học
|
| 650 |
|
|
|x Problems, exercises, etc.,Câu hỏi, bài tập, vv...
|
| 904 |
|
|
|i QHieu
|
| 980 |
|
|
|a Trung tâm Học liệu Trường Đại học Cần Thơ
|